A kommunikáció és a közösségek átalakulása a közösségi média megjelenésével.
| Szerző: | |
|---|---|
| További közreműködők: | |
| Dokumentumtípus: | Diplomadolgozat |
| Kulcsszavak: | adatvédelem emberi kapcsolatok emberi kommunikáció közösség közösségi média média tudatosság |
| Online Access: | http://dolgozattar.uni-bge.hu/59639 |
MARC
| LEADER | 00000nta a2200000 i 4500 | ||
|---|---|---|---|
| 001 | dolg59639 | ||
| 005 | 20260409145342.0 | ||
| 008 | 260409suuuu hu om 000 hun d | ||
| 040 | |a BGE Dolgozattár Repozitórium |b hun | ||
| 041 | |a hu | ||
| 100 | 1 | |a Németh Roland | |
| 245 | 1 | 2 | |a A kommunikáció és a közösségek átalakulása a közösségi média megjelenésével. |c Németh Roland |h [elektronikus dokumentum] |
| 520 | 3 | |a A dolgozat témája a közösségekre és az emberek közötti kommunikáció átalakulása a közösségi média megjelenésével. A közösségi média emberi kapcsolatokra gyakorolt hatását vizsgálja amely bebizonyítja azt, hogy megváltozása jelentős. A kérdőíves kutatásom az átlag emberek/felhasználók tapasztalataira épít, és azok tudatosságát kívánta vizsgálni.Jelentős hangsúlyt kapott a kérdőívemben az, hogy mennyire is tudatosak az emberek akkor amikor a közösségi média bármely formáját használják. Természetesen a kapcsolattartási szokások, vagyépien a személyes kapcsolatok megváltozásának is a vizsgálata jelentős szerepet kapott. A dolgozat egy átfogó képet mutat a közösségeknek a közösségé médián keresztül lévő életéről, és hogy mind ez hogyan alakult ki arra a szintre amely a mai napokban tapasztalható. | |
| 695 | |a adatvédelem | ||
| 695 | |a emberi kapcsolatok | ||
| 695 | |a emberi kommunikáció | ||
| 695 | |a közösség | ||
| 695 | |a közösségi média | ||
| 695 | |a média tudatosság | ||
| 700 | 1 | |a Joós Tamás |e ths | |
| 856 | 4 | 0 | |u http://dolgozattar.uni-bge.hu/59639/1/N%C3%A9meth%20Roland%20szakdolgozat%20.pdf |z Dokumentum-elérés |
| 856 | 4 | 0 | |u http://dolgozattar.uni-bge.hu/59639/2/N%C3%A9meth%20Roland%20konzulensi%20%C3%A9rt%C3%A9kel%C3%A9s.pdf |z Dokumentum-elérés |
| 856 | 4 | 0 | |u http://dolgozattar.uni-bge.hu/59639/3/Szakdolgozat_b%C3%ADr%C3%A1lat_N%C3%A9methRoland_Sz%C5%91keA.pdf |z Dokumentum-elérés |